Associez le modèle de voiture à sa marque - Clic Quiz - Statistiques

Statistiques générales
  • Ce quiz a été pris 1 235 fois
  • Le résultat moyen est 11 sur 20
Statistiques - réponses
Hint Réponse % Correct
Cayenne Porsche
90%
Tt Audi
82%
Serie 1 BMW
80%
Leon Seat
79%
Ami Citroën
77%
Coccinelle Volkswagen
76%
Fabia Skoda
71%
Viper Dodge
69%
MX-6 Mazda
66%
Aygo Toyota
65%
Divo Bugatti
59%
Ducato Fiat
49%
Bronco Ford
49%
Levante Maserati
49%
Rcz Peugeot
44%
Frontera Opel
29%
Ariya Nissan
23%
Citan Mercedes
21%
Spider Renault
18%
Daimler Jaguar
13%
Aucun quiz correspondant
Distribution des résultats
% des personnes avec chaque résultat
Percentile par nombre de réponses
Votre historique - résultats
Vous n’avez pas pris ce quiz